[Event "CAN-ch U08"]
[Site "Richmond Hill"]
[Date "2011.07.08"]
[Round "5"]
[White "Allard, Max"]
[Black "Yu, Xiao Tian"]
[Result "0-1"]
[WhiteElo "924"]
[BlackElo "1002"]
[PlyCount "60"]
[EventDate "2011.07.06"]
[EventType "swiss"]
[EventRounds "7"]
[EventCountry "CAN"]
[SourceTitle "EXT 2022"]
[Source "ChessBase"]
[SourceDate "2021.10.06"]
[SourceVersion "1"]
[SourceVersionDate "2021.10.06"]
[SourceQuality "1"]

1. e4 e5 2. Bc4 Nf6 3. Nf3 d5 4. exd5 Nxd5 5. Nxe5 Bd6 6. Bxd5 Bxe5 7. c4 0-0 8. Be4 Re8 9. Qh5 h6 10. Qf3 Nc6 11. Qd3 Qxd3 12. Bxd3 Bxb2+ 13. Be2 Bxa1 14. 0-0 Rxe2 15. d3 Rxa2 16. Nc3 Bxc3 17. c5 Bb2 18. Bxb2 Rxb2 19. Re1 Bf5 20. Rd1 Bxd3 21. h3 Rb1 22. Rxb1 Bxb1 23. Kf1 a5 24. Ke1 a4 25. Kd1 a3 26. Kc1 a2 27. Kb2 a1Q+ 28. Kc1 Ra2 29. Kd1 Rc2 30. Ke1 Ba2# 0-1